<?xml version="1.0" encoding="UTF-8"?>
<record
    xmlns:xsi="http://www.w3.org/2001/XMLSchema-instance"
    xsi:schemaLocation="http://www.loc.gov/MARC21/slim http://www.loc.gov/standards/marcxml/schema/MARC21slim.xsd"
    xmlns="http://www.loc.gov/MARC21/slim">

  <leader>00651nam a22001817a 4500</leader>
  <controlfield tag="003">OSt</controlfield>
  <controlfield tag="005">20240620160735.0</controlfield>
  <controlfield tag="008">240620b           ||||| |||| 00| 0 eng d</controlfield>
  <datafield tag="040" ind1=" " ind2=" ">
    <subfield code="c">AIMIT LIBRARY</subfield>
  </datafield>
  <datafield tag="100" ind1=" " ind2=" ">
    <subfield code="a">Bangera, Shubham.</subfield>
    <subfield code="e">2116172</subfield>
    <subfield code="9">171323</subfield>
  </datafield>
  <datafield tag="245" ind1=" " ind2=" ">
    <subfield code="a">Study on impact of political events on stock market return /</subfield>
    <subfield code="c">By Shubham Bangera ; Guided by Sumitha Achar.</subfield>
  </datafield>
  <datafield tag="260" ind1=" " ind2=" ">
    <subfield code="a">Mangalore ;</subfield>
    <subfield code="c">2023.</subfield>
  </datafield>
  <datafield tag="650" ind1=" " ind2=" ">
    <subfield code="a">Research methodology</subfield>
    <subfield code="9">171324</subfield>
  </datafield>
  <datafield tag="650" ind1=" " ind2=" ">
    <subfield code="a">Data analysis and interpretation</subfield>
    <subfield code="9">171325</subfield>
  </datafield>
  <datafield tag="700" ind1=" " ind2=" ">
    <subfield code="a">Achar, Sumitha.</subfield>
    <subfield code="e">Guide</subfield>
    <subfield code="9">171326</subfield>
  </datafield>
  <datafield tag="856" ind1=" " ind2=" ">
    <subfield code="3">Econo Broking Pvt.Ltd</subfield>
    <subfield code="u">www.econobroking.com</subfield>
    <subfield code="y">www.econobroking.com</subfield>
  </datafield>
  <datafield tag="942" ind1=" " ind2=" ">
    <subfield code="2">ddc</subfield>
    <subfield code="c">PRO</subfield>
  </datafield>
  <datafield tag="999" ind1=" " ind2=" ">
    <subfield code="c">231270</subfield>
    <subfield code="d">231270</subfield>
  </datafield>
  <datafield tag="952" ind1=" " ind2=" ">
    <subfield code="0">0</subfield>
    <subfield code="1">0</subfield>
    <subfield code="2">ddc</subfield>
    <subfield code="4">0</subfield>
    <subfield code="7">1</subfield>
    <subfield code="8">PR_MBA</subfield>
    <subfield code="a">AIMIT</subfield>
    <subfield code="b">AIMIT</subfield>
    <subfield code="c">PRB</subfield>
    <subfield code="d">2024-06-20</subfield>
    <subfield code="l">0</subfield>
    <subfield code="p">PRB02178</subfield>
    <subfield code="r">2024-06-20 00:00:00</subfield>
    <subfield code="t">2116172</subfield>
    <subfield code="u">www.econobroking.com</subfield>
    <subfield code="w">2024-06-20</subfield>
    <subfield code="y">PRO</subfield>
  </datafield>
</record>
